Vplyv vstupu Slovenskej republiky do Európskej menovej únie v oblasti priamych zahraničných investícií
Európska únia ako rozhodujúci zdroj priamych zahraničných investícií (PZI) pre SR. Postavenie EÚ ako globálneho investora. Investičné aktivity EÚ v kandidátskych krajinách. Prílev PZI v rokoch 1996-2001. Pozícia SR ako recipienta PZI v porovnaní s okolitými krajinami. Účinky vstupu SR do EÚ v oblast...
Uložené v:
| Hlavný autor: | |
|---|---|
| Ďalší autori: | |
| Médium: | Kapitola |
| Jazyk: | Slovak |
| Predmet: | |
| Tagy: |
Žiadne tagy, Buďte prvý, kto otaguje tento záznam!
|
MARC
| LEADER | 00000naa a2200000 4500 | ||
|---|---|---|---|
| 001 | r048126 | ||
| 005 | 20240502071342.4 | ||
| 041 | 0 | |a slo | |
| 044 | |a SK | ||
| 245 | 1 | 0 | |a Vplyv vstupu Slovenskej republiky do Európskej menovej únie v oblasti priamych zahraničných investícií |c Beáta Šaková, Heda Hansenová |
| 520 | |a Európska únia ako rozhodujúci zdroj priamych zahraničných investícií (PZI) pre SR. Postavenie EÚ ako globálneho investora. Investičné aktivity EÚ v kandidátskych krajinách. Prílev PZI v rokoch 1996-2001. Pozícia SR ako recipienta PZI v porovnaní s okolitými krajinami. Účinky vstupu SR do EÚ v oblasti priamych zahraničných investícií. | ||
| 610 | 2 | 0 | |a integrácia ekonomická medzinárodná |
| 610 | 2 | 0 | |a investície priame zahraničné |
| 610 | 2 | 0 | |a Slovensko |
| 610 | 2 | 0 | |a Európska únia |
| 610 | 2 | 0 | |a investori |
| 610 | 2 | 0 | |a SVE |
| 100 | 1 | |a Šaková, Beáta | |
| 700 | 1 | |a Hansenová, Heda | |